01005nas a2200205 4545000010006000000050017000060080037000230030015000600400040000750800140001152450046002552640096003013100026003971000086004236500021005096500029005306500026005596500024005858560190006092645720260407193507.0260407s1956####ag###########|||spa#dAR-UNSa-BCEJYS aAR-UNSa-BCEJYSbspacAR-UNSa-BCEJYS a338.2(8)xPolítica económica. Control de la economía. gestión de la economía. planificación económica en América Latina10aBoletín económico de América Latina 1aSantiago de Chile :bCEPAL (Comisión Económica para América Latina y el Caribe)c1956 aFrecuencia: Semestral1 aNaciones Unidas. Comisión Económica para América Latina y el Caribe (CEPAL) aAmérica Latina aCondiciones económicas aRecursos económicos aEconomía regional41uhttps://biblioeco.unsa.edu.ar/pmb/images/revistas/Bolet?n econ?mico de Am?rica Latina Naciones Unidas. Comisi?n Econ?mica para Am?rica Latina (CEPAL).jpgyImagen de portadaqimage/jpeg